/ ان داتا (Record no. 109526)

MARC details
000 -LEADER
fixed length control field 00743nam a22002537a 4500
005 - DATE AND TIME OF LATEST TRANSACTION
control field 20170123162355.0
010 ## - LIBRARY OF CONGRESS CONTROL NUMBER
LC control number A-998721
020 ## - INTERNATIONAL STANDARD BOOK NUMBER
Terms of availability 50.00
035 ## - SYSTEM CONTROL NUMBER
System control number A-998721
037 ## - SOURCE OF ACQUISITION
Source of stock number/acquisition Cen Lib/Ret
040 ## - CATALOGING SOURCE
Original cataloging agency DPL
Language of cataloging UR
082 ## - DEWEY DECIMAL CLASSIFICATION NUMBER
Classification number ک -
Item number ک ر ش
100 ## - MAIN ENTRY--PERSONAL NAME
Personal name چندر، کرشن
9 (RLIN) 138705
245 ## - TITLE STATEMENT
Title / ان داتا
Statement of responsibility, etc کرشن چندر
246 ## - VARYING FORM OF TITLE
Title proper/short title An-data /
Remainder of title by Krishna Chandra
260 ## - PUBLICATION, DISTRIBUTION, ETC. (IMPRINT)
Place of publication, distribution, etc دحلی
Name of publisher, distributor, etc اشیا پبلشرز
Date of publication, distribution, etc 1999
270 ## - ADDRESS
Address سیکٹر ٩ روحی نی
City دحلی
Postal code 110085
300 ## - PHYSICAL DESCRIPTION
Extent 148p.
Dimensions 16cm(Hb)
650 ## - SUBJECT ADDED ENTRY--TOPICAL TERM
Topical term or geographic name as entry element اردو ادب
9 (RLIN) 138706
650 ## - SUBJECT ADDED ENTRY--TOPICAL TERM
Topical term or geographic name as entry element مختصر کہانیان
9 (RLIN) 116979
650 ## - SUBJECT ADDED ENTRY--TOPICAL TERM
Topical term or geographic name as entry element Urdu literature
9 (RLIN) 138707
650 ## - SUBJECT ADDED ENTRY--TOPICAL TERM
Topical term or geographic name as entry element Short stories
9 (RLIN) 44
942 ## - ADDED ENTRY ELEMENTS (KOHA)
Source of classification or shelving scheme Dewey Decimal Classification
Koha item type Urdu Bks
Classification part
Call number suffix ک ر ش
Holdings
Withdrawn status Lost status Damaged status Not for loan Home library Current library Date acquired Source of acquisition Cost, normal purchase price Total Checkouts Full call number Barcode Date last seen Copy number Cost, replacement price Price effective from Koha item type
        Central Library Central Library 17/03/2016 Cen Lib/Ref 50.00   ک - ک ر ش A-998721 17/03/2016 1 50.00 17/03/2016 Urdu Bks

© Delhi Public Library
Hit Counter
free hit counter